Anatomía odontológica : (Registro nro. 21518)

Detalles MARC
000 -LEADER
fixed length control field 01109nam a2200301 4500
001 - CONTROL NUMBER
control field 0000019357
003 - CONTROL NUMBER IDENTIFIER
control field CO-CtgCURN
005 - DATE AND TIME OF LATEST TRANSACTION
control field 20250422175658.0
007 - PHYSICAL DESCRIPTION FIXED FIELD--GENERAL INFORMATION
fixed length control field ta
008 - FIXED-LENGTH DATA ELEMENTS--GENERAL INFORMATION
fixed length control field 160627s2002 000 0 eng d
020 ## - INTERNATIONAL STANDARD BOOK NUMBER
International Standard Book Number 9500201259
040 ## - CATALOGING SOURCE
Original cataloging agency CO-CtgCURN
Language of cataloging spa
Transcribing agency coctgcurn
082 0# - DEWEY DECIMAL CLASSIFICATION NUMBER
Classification number 611
Item number F44a
100 1# - MAIN ENTRY--PERSONAL NAME
Personal name Figun, Mario Eduardo.
245 10 - TITLE STATEMENT
Title Anatomía odontológica :
Remainder of title funcional aplicada /
Statement of responsibility, etc. Mario Eduardo Figun, Ricardo Rodolfo Garino.
260 ## - PUBLICATION, DISTRIBUTION, ETC.
Place of publication, distribution, etc. Buenos Aires :
Name of publisher, distributor, etc. El Ateneo,
Date of publication, distribution, etc. 2002.
300 ## - PHYSICAL DESCRIPTION
Extent 518 p.
336 ## - CONTENT TYPE
Source rdacontent
337 ## - MEDIA TYPE
Source rdamedia
Media type term sin mediacion
Media type code n
338 ## - CARRIER TYPE
Source rdacarrier
Carrier type term volumen
Carrier type code nc
500 ## - GENERAL NOTE
General note Incluye indice.
505 8# - FORMATTED CONTENTS NOTE
Formatted contents note Osteología -- Artrología -- Miología -- Angiología -- Linfaticos -- Neurología -- Esplacnología -- Sistema dentario -- Arquitectura y topografia alveolodentaria -- Anatomía aplicada a la odontoestomalogía
650 14 - SUBJECT ADDED ENTRY--TOPICAL TERM
Topical term or geographic name entry element Anatomía humana
Form subdivision Atlas.
700 1# - ADDED ENTRY--PERSONAL NAME
Personal name Garino, Ricardo Rodolfo.
908 ## - PUT COMMAND PARAMETER (RLIN)
Put command parameter 160627
942 ## - ADDED ENTRY ELEMENTS (KOHA)
Koha item type Libros
Classification part 611
Item part F44a
Source of classification or shelving scheme Dewey Decimal Classification
Suppress in OPAC No
Existencias
Withdrawn status Lost status Source of classification or shelving scheme Damaged status Not for loan Collection Home library Current library Shelving location Date acquired Inventory number Total checkouts Full call number Barcode Date last seen Price effective from Koha item type Public note
    Dewey Decimal Classification     General Miguel Henríquez Emiliani Miguel Henríquez Emiliani General 03/29/2025 008102   611 F44a 008102 03/29/2025 03/29/2025 Libros 610-CIENME